00660nam a2200205Ia 4500008004100000020001500041082001300056100001800069245003900087250000800126260002900134300001200163500002400175650001200199700002100211942000700232952010000239952010000339999001500439230524s9999 xx 000 0 und d a8129704218 a415bMIS aSunita Mishra 0aCommunication Skills for Engineers a1ST aNEW DELHIbPearsonc2004 aXII;257 aQuantity Number: 2 aEnglish a C.Muralikrishna cBK 00104070aTATCLbTATCLcGENd2023-05-24l0o415 MISp6413r2023-05-24w2023-05-24yBKzHM3101 00104070aTATCLbTATCLcGENd2023-05-24l0o415 MISp6414r2023-05-24w2023-05-24yBKzHM3101 c5113d5113